Изучение условий низкотемпературного окисления в слое лесных горючих материалов; Современные проблемы машиностроения

Opis bibliograficzny
Parent link:Современные проблемы машиностроения.— 2022.— [С. 231-232]
1. autor: Сечин А. И. Александр Иванович
organizacja autorów: Национальный исследовательский Томский политехнический университет Школа базовой инженерной подготовки Отделение общетехнических дисциплин, Национальный исследовательский Томский политехнический университет Инженерная школа неразрушающего контроля и безопасности Отделение контроля и диагностики
Kolejni autorzy: Задорожная Т. А. Татьяна Анатольевна
Streszczenie:Заглавие с экрана
Język:rosyjski
Wydane: 2022
Seria:Промышленная безопасность
Hasła przedmiotowe:
Dostęp online:http://earchive.tpu.ru/handle/11683/74424
Format: MixedMaterials Elektroniczne Rozdział
KOHA link:https://koha.lib.tpu.ru/cgi-bin/koha/opac-detail.pl?biblionumber=635380

MARC

LEADER 00000naa2a2200000 4500
001 635380
005 20240215122445.0
035 |a (RuTPU)RU\TPU\conf\37233 
035 |a RU\TPU\conf\37232 
090 |a 635380 
100 |a 20230117a2022 k y0rusy50 ca 
101 0 |a rus 
102 |a RU 
105 |a y z 100zy 
135 |a drcn ---uucaa 
181 0 |a i  
182 0 |a b 
200 1 |a Изучение условий низкотемпературного окисления в слое лесных горючих материалов  |f А. И. Сечин, Т. А. Задорожная 
203 |a Текст  |c электронный 
225 1 |a Промышленная безопасность 
300 |a Заглавие с экрана 
320 |a [Библиогр.: с. 232 (4 назв.)] 
463 0 |0 (RuTPU)RU\TPU\conf\37109  |t Современные проблемы машиностроения  |o сборник трудов XV Международной научно-технической конференции, г. Томск, 22-25 ноября 2022 г.  |f Национальный исследовательский Томский политехнический университет (ТПУ) ; ред. кол. Е. Н. Пашков [и др.]  |v [С. 231-232]  |d 2022 
610 1 |a электронный ресурс 
610 1 |a труды учёных ТПУ 
610 1 |a условия 
610 1 |a низкотемпературное окисление 
610 1 |a лесные материалы 
610 1 |a горючие материалы 
610 1 |a пиролиз 
610 1 |a диссоциация 
610 1 |a тепловые эффекты 
700 1 |a Сечин  |b А. И.  |c специалист в области экологии и безопасности жизнедеятельности  |c профессор Томского политехнического университета, доктор технических наук  |f 1950-  |g Александр Иванович  |3 (RuTPU)RU\TPU\pers\26051  |9 11890 
701 1 |a Задорожная  |b Т. А.  |c специалист в области экологии и безопасности жизнедеятельности  |c доцент Томского политехнического университета, кандидат технических наук  |f 1980-  |g Татьяна Анатольевна  |3 (RuTPU)RU\TPU\pers\26054  |9 11893 
712 0 2 |a Национальный исследовательский Томский политехнический университет  |b Школа базовой инженерной подготовки  |b Отделение общетехнических дисциплин  |3 (RuTPU)RU\TPU\col\23550 
712 0 2 |a Национальный исследовательский Томский политехнический университет  |b Инженерная школа неразрушающего контроля и безопасности  |b Отделение контроля и диагностики  |3 (RuTPU)RU\TPU\col\23584 
801 2 |a RU  |b 63413507  |c 20230126  |g RCR 
856 4 |u http://earchive.tpu.ru/handle/11683/74424 
942 |c BK